| 000 | 00513nam a22001937a 4500 | ||
|---|---|---|---|
| 003 | BCEG | ||
| 005 | 20260115124252.0 | ||
| 008 | 260115s1991 uy|||||| |||| 00| 0 spa d | ||
| 020 | _a9686005129 | ||
| 040 |
_aBCEG _bspa _cBCEG |
||
| 082 | 0 | 4 |
_aU863.4 _bB117m |
| 100 | 1 |
_aBaccino Ponce de León, Napoleón, _d1947-. |
|
| 245 | 1 | 0 |
_aMaluco _b: la novela de los descubridores. |
| 260 |
_aMéxico : _bSeix Barral, _c1991. |
||
| 300 | _a316 p. | ||
| 541 | _aDonación. | ||
| 650 | 1 | 4 | _aCuentos uruguayos. |
| 942 | _cBK | ||
| 999 |
_c437008 _d437008 |
||